[Event "Mercredi 2016.11.16 ABCD"]
[Site "Montreal CAN"]
[Date "2016.11.16"]
[Round "1"]
[White "Nardone, Raul"]
[Black "Fortin-Lavoie, Patrice"]
[Result "0-1"]
[WhiteElo "1835"]
[BlackElo "1783"]
[PlyCount "55"]
[EventDate "2016.11.16"]
[EventType "tourn"]
[EventRounds "5"]
[EventCountry "CAN"]

1. d4 d5 2. Nf3 Nc6 3. Bf4 Bg4 4. e3 f6 5. Bb5 Qd7 6. O-O a6 7. Bxc6 Qxc6 8.
Nbd2 g5 9. Bg3 h5 10. h3 h4 11. hxg4 hxg3 12. fxg3 Nh6 13. Nh2 Qd6 14. Qf3
O-O-O 15. c4 Qb4 16. Qe2 e5 17. a3 Qe7 18. Qf3 exd4 19. exd4 dxc4 20. Rfe1 Qh7
21. Nxc4 f5 22. Ne5 c6 23. Rac1 Bd6 24. Nxc6 bxc6 25. Rxc6+ Kb8 26. Rxa6 Qb7
27. Qxb7+ Kxb7 28. Ra5 0-1

[Event "Mercredi 2016.11.16 ABCD"]
[Site "Montreal CAN"]
[Date "2016.11.16"]
[Round "1"]
[White "Singher, Jean-Pierre"]
[Black "Have, Didier"]
[Result "1/2-1/2"]
[WhiteElo "2021"]
[BlackElo "1939"]
[PlyCount "97"]
[EventDate "2016.11.16"]
[EventType "tourn"]
[EventRounds "5"]
[EventCountry "CAN"]

1. d4 Nf6 2. Nf3 g6 3. g3 Bg7 4. Bg2 O-O 5. O-O d6 6. Re1 Nbd7 7. e4 e5 8. c3
Re8 9. Nbd2 b6 10. a4 a5 11. Qb3 Bb7 12. d5 Ng4 13. h3 Nh6 14. Nc4 Nc5 15. Qc2
Ba6 16. Bf1 Qd7 17. b4 axb4 18. cxb4 Bxc4 19. Qxc4 Nb7 20. Qb5 Qc8 21. Bd2 Re7
22. Rac1 f5 23. Ng5 Nd8 24. h4 Nhf7 25. a5 bxa5 26. bxa5 Nxg5 27. Bxg5 Rf7 28.
a6 h6 29. Bxd8 Qxd8 30. Bh3 Kh7 31. h5 fxe4 32. hxg6+ Kxg6 33. Qe2 Kh7 34.
Qxe4+ Kh8 35. Bf1 Qf6 36. Rc2 Qg5 37. Bd3 Bf8 38. Rb1 h5 39. Rb7 Be7 40. a7 Bd8
41. Rb8 Rxa7 42. Rxd8+ Qxd8 43. Qg6 Ra1+ 44. Kg2 Qf6 45. Qxh5+ Kg8 46. Qg4+ Rg7
47. Qc8+ Qf8 48. Qe6+ Qf7 49. Qc8+ 1/2-1/2

[Event "Mercredi 2016.11.16 ABCD"]
[Site "Montreal CAN"]
[Date "2016.11.16"]
[Round "1"]
[White "Tremblay, Alain"]
[Black "Soudre, Nicolas"]
[Result "0-1"]
[WhiteElo "2174"]
[BlackElo "2210"]
[PlyCount "29"]
[EventDate "2016.11.16"]
[EventType "tourn"]
[EventRounds "5"]
[EventCountry "CAN"]

1. d4 e6 2. Nf3 Nf6 3. e3 c5 4. Bd3 b6 5. O-O Bb7 6. c3 Be7 7. Nbd2 d5 8. Ne5
O-O 9. f4 Ne4 10. Qf3 f6 11. Ng4 f5 12. Ne5 Nd7 13. Qh3 Rf6 14. Nxe4 Rh6 15.
Ng5 0-1

[Event "Mercredi 2016.11.16 ABCD"]
[Site "Montreal CAN"]
[Date "2016.11.23"]
[Round "2"]
[White "Cardin, Guillaume"]
[Black "Singher, Jean-Pierre"]
[Result "1-0"]
[WhiteElo "2034"]
[BlackElo "2021"]
[PlyCount "105"]
[EventDate "2016.11.16"]
[EventType "tourn"]
[EventRounds "5"]
[EventCountry "CAN"]

1. d4 Nf6 2. c4 e6 3. g3 c5 4. d5 exd5 5. cxd5 d6 6. Nc3 g6 7. Nf3 Bg7 8. Bg2
O-O 9. O-O Re8 10. Nd2 Na6 11. Nc4 Nh5 12. e4 Nc7 13. a4 b6 14. Qc2 Ba6 15. b3
Nf6 16. Bf4 Bxc4 17. bxc4 Ng4 18. Rab1 g5 19. Bd2 Ne5 20. Nd1 a5 21. Ne3 Na6
22. Nf5 Nb4 23. Qb3 Ng6 24. Rbe1 Ra7 25. Kh1 Bf6 26. f4 gxf4 27. gxf4 Bh8 28.
Nh6+ Kf8 29. e5 dxe5 30. f5 Nf4 31. Qg3 Bg7 32. Bxf4 exf4 33. Rxe8+ Qxe8 34.
Qxf4 Qe5 35. Qxe5 Bxe5 36. Ng4 Bd6 37. f6 Nc2 38. Be4 Na3 39. Bd3 h5 40. Nh6
Be5 41. Rf2 Rd7 42. Ra2 Nxc4 43. Bxc4 Bxf6 44. Rf2 Bd4 45. Re2 Rd6 46. Nf5 Rg6
47. Nxd4 cxd4 48. Re4 Rf6 49. Rxd4 Ke7 50. Bb5 Kd6 51. Bc6 Rg6 52. Rf4 f6 53.
Rf5 1-0

[Event "Mercredi 2016.11.16 ABCD"]
[Site "Montreal CAN"]
[Date "2016.11.23"]
[Round "2"]
[White "Destree, Frederic"]
[Black "Lamarche, Michel"]
[Result "1/2-1/2"]
[WhiteElo "1910"]
[BlackElo "1906"]
[PlyCount "102"]
[EventDate "2016.11.16"]
[EventType "tourn"]
[EventRounds "5"]
[EventCountry "CAN"]

1. Nf3 Nf6 2. g3 d5 3. Bg2 c6 4. d3 Bg4 5. O-O Nbd7 6. Nbd2 e5 7. e4 dxe4 8.
dxe4 Bc5 9. h3 Bxf3 10. Qxf3 O-O 11. Rd1 Qe7 12. Nb3 Bb6 13. Be3 Rfd8 14. Rd3
Nf8 15. Rad1 Rxd3 16. Rxd3 Ne6 17. c3 Rd8 18. Bxb6 axb6 19. Qd1 Rxd3 20. Qxd3
Qd7 21. Qxd7 Nxd7 22. f3 Kf8 23. Kf2 Ke7 24. Ke3 Kd6 25. Bf1 g5 26. Be2 h5 27.
Bc4 Ndf8 28. Nd2 f6 29. b4 h4 30. g4 Nf4 31. Bf1 N8e6 32. Nc4+ Ke7 33. Nb2 Kd6
34. Nc4+ Kc7 35. Nb2 b5 36. Nd3 Nxd3 37. Kxd3 Nf4+ 38. Kc2 Kb6 39. Kb3 c5 40.
c4 bxc4+ 41. Kxc4 cxb4 42. Kxb4 Ne6 43. Be2 Nd4 44. Bd1 Kc6 45. a4 Ne6 46. Be2
Nf4 47. Bf1 Kb6 48. a5+ Kc6 49. Bb5+ Kc7 50. Bf1 Ne6 51. Be2 Nd4 1/2-1/2

[Event "Mercredi 2016.11.16 ABCD"]
[Site "Montreal CAN"]
[Date "2016.11.23"]
[Round "2"]
[White "Dumouchel, Alain"]
[Black "Lessard, Sylvain"]
[Result "1-0"]
[WhiteElo "1783"]
[BlackElo "1785"]
[PlyCount "55"]
[EventDate "2016.11.16"]
[EventType "tourn"]
[EventRounds "5"]
[EventCountry "CAN"]

1. e4 c5 2. Nc3 Nc6 3. f4 d6 4. Bb5 g6 5. Nf3 Bg7 6. O-O e6 7. Kh1 Nge7 8. d3
O-O 9. Qe1 Nd4 10. Nxd4 cxd4 11. Ne2 a6 12. Bc4 b5 13. Bb3 a5 14. a4 b4 15. f5
exf5 16. Qh4 Be6 17. Bg5 Ra7 18. exf5 Bxf5 19. Nxd4 Bxd4 20. Qxd4 Nc6 21. Qh4
Qb6 22. Rxf5 gxf5 23. Bh6 Qd4 24. Qg5+ Kh8 25. Bxf8 Ra8 26. Be7 Nxe7 27. Qxe7
Ra7 28. Qf8# 1-0

[Event "Mercredi 2016.11.16 ABCD"]
[Site "Montreal CAN"]
[Date "2016.11.23"]
[Round "2"]
[White "Esterez, Emmanuel"]
[Black "Beaulieu, Pierre"]
[Result "0-1"]
[WhiteElo "1874"]
[BlackElo "1901"]
[PlyCount "120"]
[EventDate "2016.11.16"]
[EventType "tourn"]
[EventRounds "5"]
[EventCountry "CAN"]

1. c4 g6 2. Nc3 Bg7 3. Nf3 d6 4. g3 Nd7 5. Bg2 Ngf6 6. O-O c6 7. d4 O-O 8. e4
e5 9. Re1 Re8 10. b3 Qa5 11. Bb2 a6 12. a3 b5 13. b4 Qc7 14. c5 dxc5 15. dxc5
Bf8 16. a4 bxa4 17. Rxa4 Rb8 18. Qa1 a5 19. Rxa5 Rxb4 20. Ra7 Qb8 21. Ra8 Qb7
22. Ra7 Qb8 23. Ra8 Qc7 24. Ra7 Rb7 25. Rxb7 Bxb7 26. Nd2 Bxc5 27. Nc4 Bd4 28.
Qa3 Nc5 29. Bf1 Ra8 30. Qb4 Ncxe4 31. Nxe4 Nxe4 32. Bxd4 exd4 33. Rxe4 c5 34.
Qe1 Bxe4 35. Qxe4 Ra1 36. Kg2 Qb8 37. Bd3 Qa8 38. Kf3 Kg7 39. Qxa8 Rxa8 40. Ke4
Ra2 41. f3 Rxh2 42. g4 Rf2 43. Ne5 Ra2 44. Nxf7 h5 45. gxh5 gxh5 46. Ng5 Kf6
47. Ne6 Ra5 48. Kd5 h4 49. Bf1 c4+ 50. Nc5 c3 51. Kxd4 Rxc5 52. Kxc5 h3 53.
Bxh3 c2 54. Kd4 c1=Q 55. Ke4 Qc3 56. Bg4 Qb4+ 57. Ke3 Ke5 58. Kf2 Kf4 59. Ke2
Qc3 60. Kf2 Qd2+ 0-1

[Event "Mercredi 2016.11.16 ABCD"]
[Site "Montreal CAN"]
[Date "2016.11.23"]
[Round "2"]
[White "Fortin-Lavoie, Patrice"]
[Black "Gauthier, Luc"]
[Result "1-0"]
[WhiteElo "1783"]
[BlackElo "1771"]
[PlyCount "57"]
[EventDate "2016.11.16"]
[EventType "tourn"]
[EventRounds "5"]
[EventCountry "CAN"]

1. c4 f5 2. d4 Nf6 3. Nf3 e6 4. e3 b6 5. Be2 Bb7 6. O-O Be7 7. b3 O-O 8. Ne5 d6
9. Nd3 Qe8 10. Nc3 Nbd7 11. Nf4 Bd8 12. d5 e5 13. Ne6 Rf7 14. Qc2 e4 15. Nb5
Nf8 16. Ng5 Re7 17. Nd4 Bc8 18. Qc3 h6 19. Nh3 g5 20. Bb2 Rg7 21. Nc6 N8d7 22.
f3 Ne5 23. Nxd8 Qxd8 24. f4 g4 25. fxe5 gxh3 26. exf6 Rxg2+ 27. Kh1 Kf7 28.
Bh5+ Kf8 29. f7 1-0

[Event "Mercredi 2016.11.16 ABCD"]
[Site "Montreal CAN"]
[Date "2016.11.23"]
[Round "2"]
[White "Have, Didier"]
[Black "Langlois-Remillard, Alexis"]
[Result "0-1"]
[WhiteElo "1939"]
[BlackElo "1972"]
[PlyCount "94"]
[EventDate "2016.11.16"]
[EventType "tourn"]
[EventRounds "5"]
[EventCountry "CAN"]

1. c4 c5 2. Nf3 Nf6 3. Nc3 b6 4. b3 Bb7 5. e3 e6 6. Qc2 Be7 7. Bb2 O-O 8. Bd3
d6 9. Ng5 h6 10. h4 Nc6 11. a3 Ne5 12. Be2 Ng6 13. Nxe6 fxe6 14. Qxg6 d5 15.
Bf3 Qd7 16. Ne2 Rad8 17. Nf4 dxc4 18. bxc4 Be4 19. Bxe4 Qxd2+ 20. Kf1 Qxb2 21.
Rb1 Qc3 22. Bd3 e5 23. Nd5 Nxd5 24. cxd5 Rf6 25. Qh7+ Kf7 26. Be2 Bf8 27. Rh3
Rxd5 28. Qe4 Rd2 29. Bc4+ Ke7 30. Rf3 Rxf3 31. gxf3 Qc2 32. Qxe5+ Kd8 33. Qb8+
Ke7 34. Qxa7+ Rd7 35. Qxb6 Qxc4+ 36. Kg2 Kf7 37. h5 Qe6 38. Qb8 Rd5 39. Qf4+
Rf5 40. Rb7+ Be7 41. Qh4 Rg5+ 42. Kf1 Qa6+ 43. Ke1 Qxb7 44. Qc4+ Qd5 45. Qf4+
Rf5 46. Qg4 Qxf3 47. Qg6+ Kf8 0-1

[Event "Mercredi 2016.11.16 ABCD"]
[Site "Montreal CAN"]
[Date "2016.11.23"]
[Round "2"]
[White "Johnson-Constantin, Matthieu"]
[Black "Nunez, Omar"]
[Result "1-0"]
[WhiteElo "1914"]
[BlackElo "1940"]
[PlyCount "51"]
[EventDate "2016.11.16"]
[EventType "tourn"]
[EventRounds "5"]
[EventCountry "CAN"]

1. e4 d5 2. Nc3 dxe4 3. Nxe4 Qd5 4. Ng3 c5 5. Nf3 Nc6 6. b3 Nf6 7. Bc4 Qd6 8.
h3 g6 9. Bb2 Bg7 10. O-O O-O 11. Re1 b6 12. d4 cxd4 13. Nxd4 Bb7 14. Nb5 Qb8
15. Qe2 a6 16. Nd4 Qc7 17. Rad1 b5 18. Bd3 Rad8 19. Nf3 Nd5 20. Bxg7 Kxg7 21.
Qd2 b4 22. Qg5 Nf4 23. Nf5+ Kh8 24. Qh6 Rg8 25. Ng5 Nxh3+ 26. gxh3 1-0

[Event "Mercredi 2016.11.16 ABCD"]
[Site "Montreal CAN"]
[Date "2016.11.23"]
[Round "2"]
[White "Lebeau, Gilbert"]
[Black "Tremblay, Alain"]
[Result "0-1"]
[WhiteElo "2071"]
[BlackElo "2174"]
[PlyCount "64"]
[EventDate "2016.11.16"]
[EventType "tourn"]
[EventRounds "5"]
[EventCountry "CAN"]

1. d4 e6 2. c4 d5 3. Nf3 Nf6 4. g3 Be7 5. Bg2 O-O 6. O-O dxc4 7. Nc3 a6 8. Ne5
Nc6 9. Nxc6 bxc6 10. Bxc6 Rb8 11. Bg2 c5 12. d5 exd5 13. Nxd5 Nxd5 14. Qxd5 Be6
15. Qe4 Bf6 16. Qc2 Qb6 17. Rb1 Qa5 18. f4 Qxa2 19. f5 Bd7 20. Be3 Rfc8 21. Bd5
Bb5 22. Bd2 Rd8 23. e4 Rxd5 24. exd5 Bd4+ 25. Kg2 c3 26. Bxc3 Bxc3 27. Qxc3
Bxf1+ 28. Rxf1 Rxb2+ 29. Kh3 Rxh2+ 30. Kg4 Qxd5 31. Qe3 h5+ 32. Kf4 Qc4+ 0-1

[Event "Mercredi 2016.11.16 ABCD"]
[Site "Montreal CAN"]
[Date "2016.11.23"]
[Round "2"]
[White "Lopez Linares, Lizandro"]
[Black "Boudreau, Daniel"]
[Result "0-1"]
[WhiteElo "2262"]
[BlackElo "2157"]
[PlyCount "186"]
[EventDate "2016.11.16"]
[EventType "tourn"]
[EventRounds "5"]
[EventCountry "CAN"]

1. d4 d5 2. c4 c6 3. Nf3 Nf6 4. Nc3 e6 5. Bg5 h6 6. Bxf6 Qxf6 7. e3 Nd7 8. Rc1
Bd6 9. Bd3 O-O 10. O-O dxc4 11. Bxc4 Qe7 12. Bb3 e5 13. Ne4 exd4 14. Qxd4 Bc7
15. Rfd1 Bb6 16. Qa4 Ne5 17. Ng3 Nxf3+ 18. gxf3 Qf6 19. Kg2 Be6 20. Rd2 Rad8
21. Rcd1 Rxd2 22. Rxd2 g6 23. Bxe6 Qxe6 24. b3 Kg7 25. Qb4 Re8 26. Ne4 Qe5 27.
Rd7 c5 28. Qc4 Re7 29. Rd5 Qb2 30. f4 Rc7 31. Rd2 Qa1 32. Nd6 Re7 33. Qd5 Qf6
34. Nxb7 Rc7 35. Nd6 Re7 36. Nc4 g5 37. Nd6 Kf8 38. Nf5 Re8 39. Qd6+ Qxd6 40.
Nxd6 Rd8 41. fxg5 Ba5 42. Rd5 Bc7 43. Rxc5 Bxd6 44. Ra5 hxg5 45. Rxa7 Rb8 46.
h3 Kg7 47. Rd7 Rb6 48. Ra7 Kg6 49. Kf3 Bb8 50. Ra4 Rf6+ 51. Kg2 Rd6 52. Rb4 Ba7
53. a4 Rd2 54. Kf3 Bc5 55. Rb5 Be7 56. Rb6+ Kg7 57. b4 Rb2 58. b5 Rb4 59. Ra6
Bd8 60. Ke2 Rb2+ 61. Kf3 Rb4 62. Ra8 Bc7 63. Ke2 Rb2+ 64. Kf3 Rb4 65. Ra7 Bd8
66. Rd7 Bb6 67. Rd6 Ba5 68. Ra6 Bd8 69. e4 f6 70. Ra7+ Kg6 71. Rd7 Ba5 72. Ra7
Bd8 73. Ra6 Kf7 74. Ke3 Rb3+ 75. Kd4 Rxh3 76. b6 Rf3 77. Kc5 Rxf2 78. Ra7+ Ke6
79. a5 Rb2 80. Ra8 Kd7 81. Ra7+ Kc8 82. Rg7 Rb1 83. Kc6 Rb2 84. Rg8 Rc2+ 85.
Kb5 Kd7 86. Ka6 Ra2 87. Rg7+ Kc6 88. Rf7 Kc5 89. Rc7+ Kb4 90. Rc1 Rxa5+ 91. Kb7
Rb5 92. Rb1+ Kc5 93. Rc1+ Kd6 0-1

[Event "Mercredi 2016.11.16 ABCD"]
[Site "Montreal CAN"]
[Date "2016.11.23"]
[Round "2"]
[White "Nardone, Raul"]
[Black "Brassard, Sylvain"]
[Result "1/2-1/2"]
[WhiteElo "1835"]
[BlackElo "1824"]
[PlyCount "61"]
[EventDate "2016.11.16"]
[EventType "tourn"]
[EventRounds "5"]
[EventCountry "CAN"]

1. e4 d5 2. exd5 Nf6 3. d4 Qxd5 4. Nc3 Qd6 5. Be2 a6 6. Nf3 Bg4 7. h3 Bh5 8.
Be3 Nc6 9. Qd2 e6 10. Rd1 O-O-O 11. O-O h6 12. Bf4 Qd7 13. Ne5 Nxe5 14. Bxe5
Bxe2 15. Qxe2 Be7 16. a3 Rhg8 17. Qf3 Rdf8 18. Rfe1 Nd5 19. Nxd5 exd5 20. Qc3
Bd6 21. Bxd6 Qxd6 22. Re3 Re8 23. Rde1 Qd7 24. Qb3 c6 25. Qc3 Rxe3 26. Qxe3 Qc7
27. Qf3 Kd8 28. Qg4 Qd7 29. Qh4+ f6 30. Qf4 Kc8 31. Qe3 1/2-1/2

[Event "Mercredi 2016.11.16 ABCD"]
[Site "Montreal CAN"]
[Date "2016.11.23"]
[Round "2"]
[White "Soudre, Nicolas"]
[Black "Jacquet, Stephane"]
[Result "1-0"]
[WhiteElo "2210"]
[BlackElo "2157"]
[PlyCount "59"]
[EventDate "2016.11.16"]
[EventType "tourn"]
[EventRounds "5"]
[EventCountry "CAN"]

1. e4 d6 2. f4 Nf6 3. Nc3 g6 4. Nf3 Bg7 5. d3 O-O 6. g3 e5 7. Bg2 exf4 8. Bxf4
c6 9. Qd2 Nh5 10. Bh6 Qb6 11. Bxg7 Kxg7 12. O-O-O Qa5 13. Qe3 b5 14. Qd4+ Kg8
15. Qxd6 b4 16. Nb1 Qxa2 17. Qxb4 Nd7 18. Nc3 Qa6 19. Qa4 Qb6 20. Qd4 c5 21.
Qa4 Rb8 22. b3 Ndf6 23. e5 Ng4 24. Rhe1 h6 25. Rd2 c4 26. Nd5 Qc5 27. dxc4 Be6
28. Ree2 Rfd8 29. Bh3 Nxe5 30. Rxe5 1-0

[Event "Mercredi 2016.11.16 ABCD"]
[Site "Montreal CAN"]
[Date "2016.11.23"]
[Round "2"]
[White "Zumsteg, Nicolas"]
[Black "Robidoux, Julien"]
[Result "1-0"]
[WhiteElo "1848"]
[BlackElo "1895"]
[PlyCount "51"]
[EventDate "2016.11.16"]
[EventType "tourn"]
[EventRounds "5"]
[EventCountry "CAN"]

1. e4 b6 2. d4 Bb7 3. Nc3 e6 4. Bd3 Bb4 5. Nge2 Ne7 6. O-O O-O 7. a3 Bxc3 8.
Nxc3 f5 9. Bg5 fxe4 10. Nxe4 Qe8 11. Qg4 Kh8 12. Bf4 Nd5 13. Be5 Nf6 14. Nxf6
gxf6 15. Qh4 Qe7 16. Bxc7 Qg7 17. g3 Nc6 18. Rae1 Ne7 19. Bd6 Rf7 20. f4 Ng6
21. Qh5 f5 22. c3 Kg8 23. Rd1 Ne7 24. Bb5 Nd5 25. Be5 Qf8 26. Qg5+ 1-0

[Event "Mercredi 2016.11.16 ABCD"]
[Site "Montreal CAN"]
[Date "2016.11.30"]
[Round "3"]
[White "Beaulieu, Pierre"]
[Black "Destree, Frederic"]
[Result "1/2-1/2"]
[WhiteElo "1901"]
[BlackElo "1910"]
[PlyCount "74"]
[EventDate "2016.11.16"]
[EventType "tourn"]
[EventRounds "5"]
[EventCountry "CAN"]

1. Nf3 Nf6 2. b3 g6 3. Bb2 Bg7 4. e3 O-O 5. Be2 d6 6. c4 e5 7. d3 Nc6 8. Nbd2
Re8 9. O-O b6 10. Rb1 Bb7 11. a3 a5 12. Qc2 Qe7 13. Ne1 Nd8 14. Bf3 c6 15. g3
Rc8 16. Bg2 d5 17. b4 axb4 18. axb4 e4 19. Bxf6 Bxf6 20. dxe4 d4 21. exd4 Bxd4
22. Nef3 Ne6 23. e5 c5 24. bxc5 Bxc5 25. Ne4 Bxe4 26. Qxe4 Ng5 27. Nxg5 Qxg5
28. Qb7 Rcd8 29. Bd5 Re7 30. Qc6 Qxe5 31. Rbe1 Qd6 32. Qxd6 Bxd6 33. Rxe7 Bxe7
34. Ra1 Rd7 35. Rd1 Kg7 36. Kg2 Ra7 37. Rd2 Bc5 1/2-1/2

[Event "Mercredi 2016.11.16 ABCD"]
[Site "Montreal CAN"]
[Date "2016.11.30"]
[Round "3"]
[White "Brassard, Sylvain"]
[Black "Fortin-Lavoie, Patrice"]
[Result "1-0"]
[WhiteElo "1824"]
[BlackElo "1783"]
[PlyCount "97"]
[EventDate "2016.11.16"]
[EventType "tourn"]
[EventRounds "5"]
[EventCountry "CAN"]

1. f4 d5 2. b3 Bf5 3. e3 e6 4. Nf3 Be7 5. Bb2 f6 6. Be2 Nh6 7. Nd4 O-O 8. g4
Be4 9. Rg1 Qd7 10. d3 c5 11. dxe4 cxd4 12. Qxd4 Nc6 13. Qd2 Rfd8 14. exd5 Nb4
15. Nc3 exd5 16. O-O-O d4 17. Qxd4 Qxd4 18. Rxd4 Bc5 19. Rxd8+ Rxd8 20. Rg3 Kf8
21. e4 Nf7 22. a3 Nc6 23. Bc4 Nd6 24. Bd5 Nd4 25. b4 Bb6 26. Rd3 Rc8 27. e5
fxe5 28. fxe5 Nc4 29. Bxc4 Rxc4 30. Kb1 Nc6 31. Nd5 Rxg4 32. Nxb6 axb6 33. Rd7
Rg1+ 34. Ka2 Re1 35. Rxb7 Nxe5 36. Rxb6 Ke7 37. Rb7+ Kf6 38. Rb5 Ke6 39. Rxe5+
Rxe5 40. Bxe5 Kxe5 41. a4 Kd6 42. Kb3 g5 43. Kc4 Kc6 44. Kd4 h6 45. Ke4 Kd6 46.
Kf5 Kd5 47. a5 Kc6 48. Kg6 Kb5 49. Kxh6 1-0

[Event "Mercredi 2016.11.16 ABCD"]
[Site "Montreal CAN"]
[Date "2016.11.30"]
[Round "3"]
[White "Gauthier, Luc"]
[Black "Dumouchel, Alain"]
[Result "0-1"]
[WhiteElo "1771"]
[BlackElo "1783"]
[PlyCount "84"]
[EventDate "2016.11.16"]
[EventType "tourn"]
[EventRounds "5"]
[EventCountry "CAN"]

1. e4 e5 2. f4 exf4 3. Nf3 d6 4. d4 g5 5. h4 g4 6. Ng1 Qe7 7. Nc3 Nf6 8. Bd3
Nc6 9. d5 Nb4 10. Bxf4 Bf5 11. Bg5 Bg7 12. Nge2 Bd7 13. O-O h6 14. Bf4 O-O-O
15. a3 Nxd3 16. cxd3 Nh5 17. g3 f5 18. Rc1 Rhf8 19. Qb3 Rf7 20. Nb5 Bxb5 21.
Qxb5 fxe4 22. Qa5 Kb8 23. Rc6 Nxf4 24. Nxf4 Bd4+ 25. Kg2 Bb6 26. Qa4 exd3 27.
Rc4 Qe3 28. Qd1 h5 29. Rc3 Qe4+ 30. Kh2 Rdf8 31. Qxd3 Qe5 32. Kg2 a6 33. Rc2
Qf5 34. Qe2 Bd4 35. Rc4 Be5 36. Re4 Bxf4 37. Re8+ Rxe8 38. Qxe8+ Ka7 39. Kg1
Qxd5 40. Rxf4 Qd1+ 41. Kh2 Qc2+ 42. Kg1 Qc1+ 0-1

[Event "Mercredi 2016.11.16 ABCD"]
[Site "Montreal CAN"]
[Date "2016.11.30"]
[Round "3"]
[White "Jacquet, Stephane"]
[Black "Lebeau, Gilbert"]
[Result "1/2-1/2"]
[WhiteElo "2157"]
[BlackElo "2071"]
[PlyCount "101"]
[EventDate "2016.11.16"]
[EventType "tourn"]
[EventRounds "5"]
[EventCountry "CAN"]

1. d4 d5 2. c4 c6 3. Nc3 Nf6 4. Nf3 dxc4 5. a4 Bf5 6. e3 e6 7. Bxc4 Bb4 8. O-O
Nbd7 9. Qe2 Bg6 10. e4 O-O 11. e5 Nd5 12. Ne4 c5 13. Bg5 Qc7 14. Rac1 Qb6 15.
Bb5 Bxe4 16. Qxe4 f5 17. Qh4 Rf7 18. Rfd1 cxd4 19. Bd2 Bxd2 20. Rxd2 Nf8 21.
Qxd4 Rc7 22. Rxc7 Qxc7 23. h4 h6 24. Bc4 Rd8 25. Bb3 b6 26. Qc4 Qxc4 27. Bxc4
Ng6 28. Bxd5 Rxd5 29. Rxd5 exd5 30. h5 Nf4 31. Nd4 Nxh5 32. Nxf5 Kf7 33. Nd4
Nf4 34. g3 Nd3 35. e6+ Kf6 36. b3 Nc5 37. Nc6 Kxe6 38. Nxa7 Nxb3 39. Nc8 d4 40.
Nxb6 Kd6 41. Kf1 Kc5 42. Nd7+ Kc4 43. Ne5+ Kb4 44. Ke2 Kc3 45. f4 Nc5 46. a5 h5
47. f5 Kc2 48. Ke1 d3 49. Nf3 Na6 50. Nd4+ Kc3 51. Nf3 1/2-1/2

[Event "Mercredi 2016.11.16 ABCD"]
[Site "Montreal CAN"]
[Date "2016.11.30"]
[Round "3"]
[White "Lamarche, Michel"]
[Black "Zumsteg, Nicolas"]
[Result "0-1"]
[WhiteElo "1906"]
[BlackElo "1848"]
[PlyCount "84"]
[EventDate "2016.11.16"]
[EventType "tourn"]
[EventRounds "5"]
[EventCountry "CAN"]

1. e4 e5 2. Nf3 Nc6 3. Bb5 a6 4. Ba4 Be7 5. O-O b5 6. Bb3 d6 7. Bd5 Bb7 8. c3
Nf6 9. d4 exd4 10. Nxd4 Nxd5 11. Nxc6 Bxc6 12. exd5 Bd7 13. Be3 O-O 14. b3 Re8
15. Qd3 Bf6 16. Nd2 g6 17. Nf3 Bf5 18. Qd2 Be4 19. Ng5 Qd7 20. Rac1 Qf5 21. c4
bxc4 22. Nxe4 Rxe4 23. Rxc4 Rxc4 24. bxc4 Rb8 25. Bd4 Bxd4 26. Qxd4 Qc2 27. g3
Rb1 28. Rxb1 Qxb1+ 29. Kg2 Qxa2 30. g4 a5 31. g5 Qe2 32. c5 Qe7 33. cxd6 Qxg5+
34. Kf1 cxd6 35. Qc4 Qd2 36. Qc6 Qb4 37. Ke2 a4 38. Kd3 a3 39. Qc8+ Kg7 40.
Qc3+ Qxc3+ 41. Kxc3 Kf6 42. Kb3 Ke5 0-1

[Event "Mercredi 2016.11.16 ABCD"]
[Site "Montreal CAN"]
[Date "2016.11.30"]
[Round "3"]
[White "Langlois-Remillard, Alexis"]
[Black "Cardin, Guillaume"]
[Result "0-1"]
[WhiteElo "1972"]
[BlackElo "2034"]
[PlyCount "122"]
[EventDate "2016.11.16"]
[EventType "tourn"]
[EventRounds "5"]
[EventCountry "CAN"]

1. b3 e5 2. Bb2 Nc6 3. e3 Nf6 4. Bb5 Bd6 5. Na3 e4 6. Nc4 Be7 7. Bxc6 bxc6 8.
Ne2 O-O 9. O-O Ba6 10. Ne5 Nd5 11. c4 Nb6 12. Ng3 f6 13. Ng4 d5 14. Nf5 Bc8 15.
Nxe7+ Qxe7 16. f3 Bxg4 17. fxg4 a5 18. a4 Rfd8 19. cxd5 cxd5 20. Rc1 c5 21. Ba3
Nd7 22. d4 exd3 23. Qxd3 Ne5 24. Qd2 Nxg4 25. Bxc5 Qc7 26. g3 Qb7 27. Rf4 Ne5
28. Qc2 Qa6 29. b4 axb4 30. Rxb4 Qd3 31. Qd1 Rdc8 32. Rd4 Qxe3+ 33. Kg2 Rab8
34. Rb4 Qxc1 35. Qxc1 Rxb4 36. Qd2 Rxa4 37. Qxd5+ Kh8 38. Qe6 Rca8 39. Be7 Ra2+
40. Kh3 Ng6 41. Bd8 h6 42. Qf7 Ne5 43. Qe6 R2a6 44. Qe8+ Kh7 45. Qb5 Nf7 46.
Bc7 Ng5+ 47. Kg4 Ra4+ 48. Kf5 R8a6 49. Qd7 Ra8 50. Qb5 Nf3 51. Qd3 Ng5 52. Qb5
Ne4 53. Qb1 g6+ 54. Ke6 R4a6+ 55. Kf7 Ng5+ 56. Ke7 Rg8 57. Bb8 Re6+ 58. Kd7
Rg7+ 59. Kd8 Ree7 60. Qb3 Ne6+ 61. Kc8 Re8# 0-1

[Event "Mercredi 2016.11.16 ABCD"]
[Site "Montreal CAN"]
[Date "2016.11.30"]
[Round "3"]
[White "Lessard, Sylvain"]
[Black "Nardone, Raul"]
[Result "0-1"]
[WhiteElo "1785"]
[BlackElo "1835"]
[PlyCount "162"]
[EventDate "2016.11.16"]
[EventType "tourn"]
[EventRounds "5"]
[EventCountry "CAN"]

1. c4 Nf6 2. Nc3 g6 3. g3 Bg7 4. Bg2 O-O 5. Nf3 d6 6. d3 e5 7. O-O Nc6 8. Rb1
Re8 9. Ne1 Be6 10. b4 Qc8 11. b5 Ne7 12. Bh1 d5 13. Qb3 e4 14. Ba3 dxc4 15.
dxc4 Bh3 16. Ng2 Nf5 17. e3 Nd7 18. Rfd1 Ne5 19. Ne1 Bg4 20. Rd2 Nf3+ 21. Nxf3
Bxf3 22. Nd5 c6 23. Nf4 Bg4 24. Bb2 Rd8 25. Qc2 Rxd2 26. Qxd2 Bxb2 27. Rxb2 Bf3
28. Rb1 Qe8 29. Qc2 Rd8 30. Bxf3 exf3 31. h4 Qd7 32. bxc6 Qxc6 33. Nd5 Rxd5 34.
e4 Rc5 35. exf5 Rxf5 36. Qd3 Rf6 37. Rd1 Qe6 38. Kh2 Kg7 39. Qd4 Qe2 40. Rd3 h6
41. Rd1 Qe6 42. Qb2 Qb6 43. Qxb6 Rxb6 44. g4 Rb2 45. Kg3 Rxa2 46. Rd7 Rb2 47.
c5 a5 48. Rd4 Rb4 49. Rd2 a4 50. Rc2 Rb3 51. c6 bxc6 52. Rxc6 a3 53. Ra6 Kf8
54. Ra7 Ke8 55. Kf4 Rc3 56. Kg3 Kd8 57. Kf4 Kc8 58. Ke4 Kb8 59. Ra5 Kb7 60. Kd4
Kb6 61. Ra8 Rc2 62. Rxa3 Rxf2 63. Ke3 Rh2 64. Kf4 f2 65. Rf3 Rxh4 66. Kg3 g5
67. Rxf7 h5 68. Rxf2 Rxg4+ 69. Kh3 Kc5 70. Rf6 Rh4+ 71. Kg2 Rf4 72. Rg6 g4 73.
Kg3 Re4 74. Rh6 Re5 75. Kf2 Kd4 76. Kg3 Ke4 77. Kh4 Kf3 78. Rf6+ Kg2 79. Rg6
Kh2 80. Rg7 g3 81. Rg6 Re4+ 0-1

[Event "Mercredi 2016.11.16 ABCD"]
[Site "Montreal CAN"]
[Date "2016.11.30"]
[Round "3"]
[White "Nunez, Omar"]
[Black "Have, Didier"]
[Result "1/2-1/2"]
[WhiteElo "1940"]
[BlackElo "1939"]
[PlyCount "71"]
[EventDate "2016.11.16"]
[EventType "tourn"]
[EventRounds "5"]
[EventCountry "CAN"]

1. d4 d6 2. Nf3 Nf6 3. Bf4 g6 4. e3 Bg7 5. Be2 O-O 6. h3 Re8 7. c4 c5 8. O-O
Qb6 9. Nc3 Nc6 10. Nd5 Nxd5 11. cxd5 Nb4 12. Qa4 Bf5 13. dxc5 dxc5 14. Be5 Red8
15. Bxg7 Kxg7 16. Rac1 Nxd5 17. e4 Nf4 18. Bb5 Be6 19. Ng5 Rd4 20. Nxe6+ fxe6
21. Rc4 e5 22. Rxd4 exd4 23. Bc4 Qd6 24. Qb3 a6 25. a4 Rb8 26. Ra1 b5 27. axb5
axb5 28. Bxb5 Qb6 29. Qg3 e5 30. Qg5 Qc7 31. Ra7 Nxh3+ 32. gxh3 Qxa7 33. Qxe5+
Kh6 34. Qf4+ Kg7 35. Qe5+ Kh6 36. Qf4+ 1/2-1/2